000 00914nac a22002417a 4500
001 BR7601364
003 BR-BrBNA
005 20240105113929.0
008 230509b bl.|||m| |||| 00| 0 por d
040 _aBR-BrBNA
_bpor
_cBiblioteca Nacional de Agricultura
072 _aM10
090 _a8150 BR7601364
110 1 _aPrograma de Pesquisa e Desenvolvimento Pesqueiro do Brasil, Rio de Janeiro, RJ
_97973
245 1 _aNavio de pesquisa Mestre Jeronimo, relatorio cruzeiro no. 1 de 1975. Pesca exploratoria com a utilizacao de espinhel de fundo (P-9)[Brasil]
_bFAO/PNUD-SUDEPE
260 3 _aRio de Janeiro, RJ (Brasil):
_c1975.
300 _a5 p.
490 _aNavio de Pesquisa Mestre Jeronimo. Relatorio do Cruzeiro (Brazil)
_vno. 1
_x
500 _aNumerical data
650 _aPESCA EXPLORATORIA
650 _aPEIXE MARINHO
909 _a202312
_bLúcia Elande
_c55
_dLúcia Elande
942 _2AGRIS
_n0
_cMS
999 _c266408
_d266408